Eläimiä viroksi - Statistics

Yleistilastot
  • Tätä visaa on pelattu 221 kertaa
  • Keskiarvotulos 7 / 15
Vastaustilastot
Hint Vastaus % Oikein
Lammas Lammas
95%
Karhu Karu
88%
Aasi Eesel
84%
Hevonen Hobune
83%
Koira Koer
75%
Kissa Kass
72%
Susi Hunt
51%
Marsu Merisiga
35%
Kettu Rebane
31%
Käärme Madu
30%
Joutsen Luik
24%
Kani Küülik
23%
Ankka Part
19%
Hirvi Põder
18%
Vuohi Kits
17%
Ehtoja vastaavia visoja ei löytynyt
Tulosjakauma
Jokaisen tuloksen saaneiden osuus
Persentiili vastausten määrän mukaan
Tuloshistoriasi
Et ole pelannut tätä visaa